|
|
|
|
| LEADER |
01394naa a2200421 a 4500 |
| 001 |
000000189 |
| 003 |
SVKKK |
| 005 |
00000000000000.0 |
| 008 |
c1990 xo e engo |
| FMT |
|
|
|
| 038 |
|
|
|a SVKKK
|
| 040 |
|
|
|a SVKKK
|b slo
|e AACR2
|
| 041 |
0 |
|
|a eng
|b eng
|a cze
|
| 044 |
|
|
|a xo
|c SK
|
| 080 |
|
|
|a 551.7"6153"(437.677
|2 1981
|
| 080 |
|
|
|a 564.
|2 1981
|
| 100 |
1 |
|
|a Siblík, Miloš
|4 aut
|
| 242 |
1 |
0 |
|a Nový druh rodu Schwagerispira (Brachiopoda) z karnu Slovenského krasu (jv. Slovensko)
|
| 245 |
1 |
0 |
|a New Schwagerispira (Brachiopoda) from the Carnian of the Slovak Karst (SE Slovakia)
|c Siblík Miloš,
|
| 260 |
|
|
|a Bratislava :
|b Veda, vydavateľstvo SAV,
|c 1990
|
| 300 |
|
|
|b Obr. 2, príl. (fot.) 2,
|
| 500 |
|
|
|a Bratislava, Geologický ústav Dionýza Štúra,
|
| 500 |
|
|
|a Český preklad angl. názvu
|
| 504 |
|
|
|a Res. angl., čes., lit. zázn. v angl., češ., nem., slov.
|
| 650 |
0 |
4 |
|a druhohory
|x štúdie
|
| 650 |
0 |
4 |
|a geológia
|
| 650 |
0 |
4 |
|a krieda (geol.
|
| 650 |
0 |
4 |
|a paleontológia
|
| 650 |
0 |
4 |
|a ramenonožec
|x (brachiopod)
|x Schwagerispira bystrickyi
|x druh nový
|x Silická Brezová
|x nálezisko
|x Slovenský kras
|x Slovensko juhovýchodné
|
| 650 |
0 |
4 |
|a stratigrafia
|
| 773 |
0 |
|
|t Západné Karpaty
|g S. 103-108
|
| 958 |
|
|
|a MS
|
| 958 |
|
|
|a NP
|
| 974 |
|
|
|d 940524
|a 245/140
|
| 992 |
|
|
|a RZB
|
| BAS |
|
|
|
| 852 |
|
|
|a SVKKK
|b BIB
|
| 998 |
|
|
|a GEO
|